000 01111 a2200229 4500
001 59826
005 20260407155852.0
008 260407a1991 arg spa d
003 AR-UNSa-BCEJYS
040 _aAR-UNSa-BCEJYS
_bspa
_cAR-UNSa-BCEJYS
080 _a341.9
_xDerecho Internacional Privado. Conflictos de Leyes
245 1 0 _aEl orden público
_pen general en el derecho internacional privado
020 _a950-20-0628-3
264 1 _aBuenos Aires :
_bAbeledo Perrot
_c1991
300 _a86 p.
_c23 cm.
505 _aPRIMERA PARTE: 1. La diferenciación del orden público de otras instituciones: la doctrina del interés nacional y el fraude a la Ley - 2. El orden público – 3. Génesis del orden público – SEGUNDA PARTE: 4. La fuente nutricia del orden público. La Constitución Nacional – 5. La naturaleza jurídica del orden público y otros efectos del interés general – 6. Formulación general de la teoría de los autores
041 _aspa
942 _cBK
590 _aniveau_biblio:m niveau_hierar:0
100 1 _aRuchelli, Humberto Fernando
700 1 _aFerrer, Horacio Carlos
999 _c6836
_d6836